<?xml version="1.0" encoding="UTF-8"?>
<record
    xmlns:xsi="http://www.w3.org/2001/XMLSchema-instance"
    xsi:schemaLocation="http://www.loc.gov/MARC21/slim http://www.loc.gov/standards/marcxml/schema/MARC21slim.xsd"
    xmlns="http://www.loc.gov/MARC21/slim">

  <leader>00943nam a22003017a 4500</leader>
  <controlfield tag="003">OSt</controlfield>
  <controlfield tag="005">20250314053825.0</controlfield>
  <controlfield tag="008">250314t2016    |||a|||| |||| 001 | eng d</controlfield>
  <datafield tag="020" ind1=" " ind2=" ">
    <subfield code="a">ISBN 978-971-23-7829-4</subfield>
  </datafield>
  <datafield tag="040" ind1=" " ind2=" ">
    <subfield code="c">JMCFI - Learning Resource Center</subfield>
  </datafield>
  <datafield tag="082" ind1=" " ind2=" ">
    <subfield code="a">IBED/HSFil. 500.2 Ea12 2016</subfield>
  </datafield>
  <datafield tag="100" ind1=" " ind2=" ">
    <subfield code="a">Reyes ,Nicanor Sr.</subfield>
    <subfield code="9">16144</subfield>
  </datafield>
  <datafield tag="245" ind1=" " ind2=" ">
    <subfield code="a">Earth Science /</subfield>
    <subfield code="c">Reyes , Nicanor Sr.</subfield>
  </datafield>
  <datafield tag="250" ind1=" " ind2=" ">
    <subfield code="a">13th edition.</subfield>
  </datafield>
  <datafield tag="260" ind1=" " ind2=" ">
    <subfield code="a">Manila :</subfield>
    <subfield code="b">Rex Book Store,</subfield>
    <subfield code="c">2016.</subfield>
  </datafield>
  <datafield tag="300" ind1=" " ind2=" ">
    <subfield code="a">vii , 385 pages :</subfield>
    <subfield code="b">Black &amp; white, illus. ;</subfield>
    <subfield code="c">25 cm</subfield>
  </datafield>
  <datafield tag="500" ind1=" " ind2=" ">
    <subfield code="a">Includes Indexes.</subfield>
  </datafield>
  <datafield tag="650" ind1=" " ind2=" ">
    <subfield code="a">Earth science.</subfield>
    <subfield code="9">2006</subfield>
  </datafield>
  <datafield tag="650" ind1=" " ind2=" ">
    <subfield code="a">Solar system.</subfield>
    <subfield code="9">1746</subfield>
  </datafield>
  <datafield tag="650" ind1=" " ind2=" ">
    <subfield code="a">Mineral resources.</subfield>
    <subfield code="9">16145</subfield>
  </datafield>
  <datafield tag="650" ind1=" " ind2=" ">
    <subfield code="a">Energy resources.</subfield>
    <subfield code="9">16146</subfield>
  </datafield>
  <datafield tag="650" ind1=" " ind2=" ">
    <subfield code="a">Soil resources.</subfield>
    <subfield code="9">16147</subfield>
  </datafield>
  <datafield tag="650" ind1=" " ind2=" ">
    <subfield code="a">Water resources.</subfield>
    <subfield code="9">2009</subfield>
  </datafield>
  <datafield tag="650" ind1=" " ind2=" ">
    <subfield code="a">Physical science.</subfield>
    <subfield code="9">1743</subfield>
  </datafield>
  <datafield tag="650" ind1=" " ind2=" ">
    <subfield code="a">Earth history</subfield>
    <subfield code="9">16148</subfield>
  </datafield>
  <datafield tag="650" ind1=" " ind2=" ">
    <subfield code="a">Tectonics.</subfield>
    <subfield code="9">16149</subfield>
  </datafield>
  <datafield tag="942" ind1=" " ind2=" ">
    <subfield code="2">ddc</subfield>
    <subfield code="c">BK</subfield>
    <subfield code="e">13th edition</subfield>
    <subfield code="n">0</subfield>
  </datafield>
  <datafield tag="999" ind1=" " ind2=" ">
    <subfield code="c">5620</subfield>
    <subfield code="d">5620</subfield>
  </datafield>
  <datafield tag="952" ind1=" " ind2=" ">
    <subfield code="0">0</subfield>
    <subfield code="1">0</subfield>
    <subfield code="2">ddc</subfield>
    <subfield code="4">0</subfield>
    <subfield code="7">0</subfield>
    <subfield code="a">HS</subfield>
    <subfield code="b">HS</subfield>
    <subfield code="c">IBED/HSFil</subfield>
    <subfield code="d">2016-07-04</subfield>
    <subfield code="l">0</subfield>
    <subfield code="o">IBED/HSFil.  500.2 Ea12 2016 c1</subfield>
    <subfield code="p">IBEDHS00000307</subfield>
    <subfield code="r">2025-03-14</subfield>
    <subfield code="t">1</subfield>
    <subfield code="w">2025-03-14</subfield>
    <subfield code="y">BK</subfield>
  </datafield>
  <datafield tag="952" ind1=" " ind2=" ">
    <subfield code="0">0</subfield>
    <subfield code="1">0</subfield>
    <subfield code="2">ddc</subfield>
    <subfield code="4">0</subfield>
    <subfield code="7">0</subfield>
    <subfield code="a">HS</subfield>
    <subfield code="b">HS</subfield>
    <subfield code="c">IBED/HSFil</subfield>
    <subfield code="d">2016-07-04</subfield>
    <subfield code="l">0</subfield>
    <subfield code="o">IBED/HSFil. 500.2 Ea12 2016 c2</subfield>
    <subfield code="p">IBEDHS00000308</subfield>
    <subfield code="r">2025-03-14</subfield>
    <subfield code="t">2</subfield>
    <subfield code="w">2025-03-14</subfield>
    <subfield code="y">BK</subfield>
  </datafield>
  <datafield tag="952" ind1=" " ind2=" ">
    <subfield code="0">0</subfield>
    <subfield code="1">0</subfield>
    <subfield code="2">ddc</subfield>
    <subfield code="4">0</subfield>
    <subfield code="7">0</subfield>
    <subfield code="a">HS</subfield>
    <subfield code="b">HS</subfield>
    <subfield code="c">IBED/HSFil</subfield>
    <subfield code="d">2016-07-04</subfield>
    <subfield code="l">0</subfield>
    <subfield code="o">IBED/HSFil. 500.2 Ea12 2016 c3</subfield>
    <subfield code="p">IBEDHS00000309</subfield>
    <subfield code="r">2025-03-14</subfield>
    <subfield code="t">3</subfield>
    <subfield code="w">2025-03-14</subfield>
    <subfield code="y">BK</subfield>
  </datafield>
  <datafield tag="952" ind1=" " ind2=" ">
    <subfield code="0">0</subfield>
    <subfield code="1">0</subfield>
    <subfield code="2">ddc</subfield>
    <subfield code="4">0</subfield>
    <subfield code="7">0</subfield>
    <subfield code="a">HS</subfield>
    <subfield code="b">HS</subfield>
    <subfield code="c">IBED/HSFil</subfield>
    <subfield code="d">2016-07-04</subfield>
    <subfield code="l">0</subfield>
    <subfield code="o">IBED/HSFil. 500.2 Ea12 2016 c4</subfield>
    <subfield code="p">IBEDHS00000310</subfield>
    <subfield code="r">2025-03-14</subfield>
    <subfield code="t">4</subfield>
    <subfield code="w">2025-03-14</subfield>
    <subfield code="y">BK</subfield>
  </datafield>
</record>
